000 00351nam a22001457a 4500
020 _a9788129701053
040 _cNust
082 _a515
_bROY
100 _aH.L. Royden
_9103511
245 _aReal Analysis
250 _a3rd Edition
260 _aNew Delhi:
_bPearson education services,
_c2003.
650 _aReal Analysis
_960018
942 _2ddc
_cBK
999 _c610721
_d610721